Effektivnosť profilaktičeskogo vvedenija E-aminokapronovoj kisloty pri grippe u myšej

Bibliographic Details
Main Authors: Puzis, L. E. (Author), Lozinskij, V. P. (Author), Poljak, R. JA (Author)
Format: Article
Language:Russian
PhysicalDescription:Obr. 1. Tb. 2., lit. 16 zázn. v ruš., angl.
Subjects:

MARC

LEADER 00000nab a2200000 a 4500
001 vtls000252905
003 SK-MaSNL
005 20260318122012.0
008 160204c1986 xo 0 rus
015 |a SNBRB19rr/mm-uuuuu 
035 |a CL0263019 
040 |a SNKBUCL  |b slo  |c SNKBUCL  |e AACR2 
041 0 |a rus 
044 |a xo  |c SK 
080 |a 616.921.5  |2 1981 
080 |a 615.281  |2 1981 
080 |a 578.24  |2 1981 
100 1 |a Puzis, L. E.  |4 aut  |9 959802 
245 1 0 |a Effektivnosť profilaktičeskogo vvedenija E-aminokapronovoj kisloty pri grippe u myšej  |c L. E. Puzis, V. P. Lozinskij, R. Ja. Poljak 
300 |b Obr. 1. Tb. 2., lit. 16 zázn. v ruš., angl. 
650 0 7 |a vírusové infekcie  |2 snkbucl  |9 78751 
650 0 7 |a kyselina E-aminokaprónová  |2 snkbucl  |9 1498216 
655 7 |a články z novín a časopisov  |2 snkbucl  |9 267496 
700 1 |a Lozinskij, V. P.  |4 aut  |9 1498217 
700 1 |a Poljak, R. JA.  |4 aut  |9 938574 
773 0 |t Acta virologica  |g Roč. 29, č. 1 (1986), s. 58-62 
850 |a Slovenská národná knižnica v Martine  |a MTA001 
852 |a SNK  |b KIS3GCP 
958 |a NB 
958 |a RK 
958 |a SU 
992 |a RBX 
999 |c 2989721  |d 2991651